Statystyki dla Tytuły filmów - emoji

Kliknij tutaj aby rozwiązać quiz!

Ogólne statystyki

  • Ten quiz został rozwiązany 1 231 razy
  • Średni wynik to 6 z 20

Statystyki odpowiedzi

EmojiRokFilm% Poprawnych
1994Król lew
92%
1985Karate Kid
74%
2011Kot w butach
71%
1968Planeta małp
71%
1991Milczenie owiec
55%

1994Cztery wesela i pogrzeb
39%
1971Mechaniczna pomarańcza
30%
1990Tańczący z wilkami
28%
1952Deszczowa piosenka
22%
2003Zły Mikołaj
22%
2006Węże w samolocie
21%
2004Ja, Robot
14%

1984Szesnaście świeczek
7%
1982Łowca androidów
6%
2016Deadpool
3%
1987Trzech mężczyzn i dziecko
3%
1940Grona gniewu
2%
1964Goldfinger
1%
2004Legenda telewizji
1%
1987Samoloty, pociągi i samochody
1%

Rozkład punktacji

Percentyl według liczby udzielonych odpowiedzi

Procent ludzi z każdym wynikiem

Twoja historia wyników

Nie rozwiązałeś tego quizu